[Event "Norrkoeping Easter op"]
[Site "Norrkoeping"]
[Date "2023.04.08"]
[Round "4"]
[White "Tiger Norqvist, Axel"]
[Black "Adahl, Mattias"]
[Result "1-0"]
[WhiteElo "2231"]
[BlackElo "2097"]
[PlyCount "71"]
[EventDate "2023.04.07"]
[EventType "swiss"]
[EventRounds "8"]
[EventCountry "SWE"]
[SourceTitle "CBM 213 Extra"]
[Source "ChessBase"]
[SourceDate "2023.05.31"]
[SourceVersion "1"]
[SourceVersionDate "2023.05.31"]
[SourceQuality "1"]

1. e4 Nf6 2. e5 Nd5 3. d4 d6 4. Nf3 Nb6 5. exd6 cxd6 6. h3 g6 7. c4 Bg7 8. Nc3 0-0 9. Be2 Nc6 10. 0-0 e5 11. d5 Nd4 12. Nxd4 exd4 13. Nb5 Qf6 14. Bd3 a6 15. Na3 Nd7 16. b3 Ne5 17. Be4 Qh4 18. f4 Bxh3 19. gxh3 Qxh3 20. Bg2 Qh4 21. fxe5 Bxe5 22. Rf3 d3 23. Be3 Rae8 24. Rh3 Qd8 25. Rb1 Qa5 26. b4 Qxa3 27. Qb3 Qxb3 28. Rxb3 d2 29. Bxd2 Bd4+ 30. Be3 Rxe3 31. Rhxe3 Rc8 32. Bf1 f5 33. Kg2 Bxe3 34. Rxe3 b5 35. cxb5 axb5 36. Bxb5 1-0

[Event "SWE-ch Masters"]
[Site "Uppsala"]
[Date "2022.07.10"]
[Round "9"]
[White "Crevatin, Leo"]
[Black "Tiger Norqvist, Axel"]
[Result "1/2-1/2"]
[WhiteElo "2259"]
[BlackElo "2239"]
[PlyCount "53"]
[EventDate "2022.07.02"]
[EventType "swiss"]
[EventRounds "9"]
[EventCountry "SWE"]
[SourceTitle "EXT 2024"]
[Source "ChessBase"]
[SourceDate "2023.10.10"]
[SourceVersion "1"]
[SourceVersionDate "2023.10.10"]
[SourceQuality "1"]

1. d4 Nf6 2. c4 g6 3. Nc3 Bg7 4. e4 0-0 5. Nf3 d6 6. Be2 e5 7. Be3 exd4 8. Nxd4 Nc6 9. 0-0 Re8 10. f3 a6 11. Rc1 Bd7 12. Qd2 Rb8 13. Nc2 Ne5 14. a4 Be6 15. b3 Nc6 16. Nd5 Nd7 17. b4 f5 18. Bg5 Nf6 19. b5 Ne5 20. exf5 Bxf5 21. Nd4 Bd7 22. Qf4 Rf8 23. Qh4 c6 24. Nxf6+ Bxf6 25. Bxf6 Qxf6 26. Qxf6 Rxf6 27. f4 1/2-1/2

[Event "Malmo op"]
[Site "Malmo"]
[Date "2017.12.16"]
[Round "4"]
[White "Tiger Norqvist, Axel"]
[Black "Lindberg, Bengt"]
[Result "1/2-1/2"]
[WhiteElo "2172"]
[BlackElo "2379"]
[PlyCount "105"]
[EventDate "2017.12.15"]
[EventType "swiss"]
[EventRounds "8"]
[EventCountry "SWE"]
[SourceTitle "CBM 182 Extra"]
[Source "ChessBase"]
[SourceDate "2018.02.23"]
[SourceVersion "1"]
[SourceVersionDate "2018.02.23"]
[SourceQuality "1"]

1. e4 c5 2. Nc3 Nc6 3. f4 g6 4. Nf3 Bg7 5. Bb5 Nd4 6. 0-0 Nxb5 7. Nxb5 d5 8. e5 Bd7 9. Nc3 e6 10. d4 b6 11. a4 Ne7 12. Be3 cxd4 13. Nxd4 0-0 14. Ncb5 a6 15. Nc3 Qc7 16. Nb3 Nf5 17. Bf2 f6 18. exf6 Bxf6 19. Nd4 Bg7 20. Nce2 Nd6 21. c3 Rae8 22. Nf3 Nf5 23. Qb3 Rb8 24. g3 Rfe8 25. Ned4 b5 26. a5 Nd6 27. Ng5 h6 28. Ngf3 Ne4 29. Be3 b4 30. cxb4 Qd6 31. Nc2 Bb5 32. Rfe1 Bc4 33. Qa3 Qd8 34. Rad1 g5 35. Ncd4 gxf4 36. gxf4 Rb7 37. Nc6 Qd6 38. Nce5 Qxb4 39. Qxb4 Rxb4 40. Bd4 Kh7 41. Bc3 Nxc3 42. bxc3 Ra4 43. Nxc4 Rxc4 44. Nd4 Rg8 45. Kh1 Bxd4 46. cxd4 Rg6 47. Re5 Ra4 48. f5 exf5 49. Rxd5 f4 50. Rf5 Rd6 51. Rxf4 Rxa5 52. Rg1 Rg5 53. Rxg5 1/2-1/2

[Event "Vasteras op"]
[Site "Vasteras"]
[Date "2017.09.30"]
[Round "5"]
[White "Tiger Norqvist, Axel"]
[Black "Hector, Jonny"]
[Result "0-1"]
[WhiteElo "2166"]
[BlackElo "2479"]
[PlyCount "66"]
[EventDate "2017.09.29"]
[EventType "swiss"]
[EventRounds "8"]
[EventCountry "SWE"]
[SourceTitle "EXT 2018"]
[Source "ChessBase"]
[SourceDate "2017.10.13"]
[SourceVersion "1"]
[SourceVersionDate "2017.10.13"]
[SourceQuality "1"]

1. e4 e5 2. Nf3 Nc6 3. d4 exd4 4. Bc4 Nf6 5. e5 Ng4 6. 0-0 d6 7. e6 fxe6 8. Ng5 Nge5 9. Bxe6 h6 10. Bxc8 Qxc8 11. Ne4 Qd7 12. Qh5+ Nf7 13. Qd1 Be7 14. Nbd2 0-0 15. Nb3 d5 16. Ng3 b6 17. Nxd4 Nxd4 18. Qxd4 Bc5 19. Qh4 Ne5 20. b4 Be7 21. Qh5 Bf6 22. Rb1 Nc4 23. Rb3 Rae8 24. Rd3 c6 25. Rdd1 Be5 26. Qg6 a6 27. Qd3 Qg4 28. h3 Qe6 29. c3 Bc7 30. Bd2 Nb2 31. Qxa6 Nxd1 32. Rxd1 Bxg3 33. fxg3 Ra8 0-1

[Event "SWE Cup"]
[Site "Sweden"]
[Date "2017.03.25"]
[Round "8.1"]
[White "Lindberg, Henrik"]
[Black "Tiger Norqvist, Axel"]
[Result "1/2-1/2"]
[WhiteElo "2248"]
[BlackElo "2109"]
[PlyCount "83"]
[EventDate "2017.01.14"]
[EventType "team-tourn"]
[EventRounds "9"]
[EventCountry "SWE"]
[SourceTitle "EXT 2018"]
[Source "ChessBase"]
[SourceDate "2017.10.13"]
[SourceVersion "1"]
[SourceVersionDate "2017.10.13"]
[SourceQuality "1"]
[WhiteTeam "Upsala"]
[BlackTeam "Horndal"]
[WhiteTeamCountry "SWE"]
[BlackTeamCountry "SWE"]

1. e4 c5 2. Nf3 Nc6 3. d4 cxd4 4. Nxd4 Nf6 5. Nc3 e5 6. Ndb5 d6 7. Bg5 a6 8. Na3 b5 9. Nd5 Be7 10. Bxf6 Bxf6 11. c3 Bg5 12. Nc2 0-0 13. a4 bxa4 14. Rxa4 a5 15. Bc4 Rb8 16. b3 Kh8 17. 0-0 g6 18. Qe2 Bd7 19. Rfa1 f5 20. exf5 gxf5 21. b4 axb4 22. cxb4 e4 23. Ra6 Bf6 24. Nxf6 Rxf6 25. Qd2 Rg6 26. R1a3 Qe7 27. Rg3 Rxg3 28. hxg3 Rc8 29. Ne3 Qe5 30. Bd5 Nd4 31. Rxd6 Be6 32. Rxe6 Nxe6 33. Bxe6 Qxe6 34. b5 Rb8 35. Qc3+ Kg8 36. Qc5 Rc8 37. Qxf5 Qxf5 38. Nxf5 Rc1+ 39. Kh2 Rc5 40. Nd6 e3 41. fxe3 Rd5 42. Nc4 1/2-1/2

[Event "SWE Cup"]
[Site "Sweden"]
[Date "2017.01.14"]
[Round "4.5"]
[White "Tiger Norqvist, Axel"]
[Black "Thorn, Eric"]
[Result "1/2-1/2"]
[WhiteElo "2109"]
[BlackElo "2331"]
[PlyCount "55"]
[EventDate "2017.01.14"]
[EventType "team-tourn"]
[EventRounds "9"]
[EventCountry "SWE"]
[SourceTitle "EXT 2018"]
[Source "ChessBase"]
[SourceDate "2017.10.13"]
[SourceVersion "1"]
[SourceVersionDate "2017.10.13"]
[SourceQuality "1"]
[WhiteTeam "Horndal"]
[BlackTeam "Stockholm CC"]
[WhiteTeamCountry "SWE"]
[BlackTeamCountry "SWE"]

1. e4 e5 2. Nf3 Nc6 3. Bb5 a6 4. Ba4 Nf6 5. 0-0 Be7 6. Re1 b5 7. Bb3 0-0 8. c3 d6 9. h3 Na5 10. Bc2 c5 11. d4 Qc7 12. Nbd2 cxd4 13. cxd4 Nc6 14. Nb3 a5 15. Be3 a4 16. Nbd2 Bd7 17. Nf1 Rac8 18. Rc1 Qb7 19. Ng3 Rfe8 20. Qd2 Bd8 21. d5 Na5 22. Bd3 Nc4 23. Bxc4 bxc4 24. Qc2 Ba5 25. Bd2 Bb6 26. Be3 Ba5 27. Bd2 Bb6 28. Be3 1/2-1/2

[Event "SWE-chT2 1617"]
[Site "Sweden"]
[Date "2016.10.14"]
[Round "1.2"]
[White "Tiger Norqvist, Axel"]
[Black "Madebrink, Lars"]
[Result "1/2-1/2"]
[WhiteElo "2109"]
[BlackElo "2236"]
[PlyCount "116"]
[EventDate "2016.10.14"]
[EventType "team-tourn"]
[EventRounds "9"]
[EventCountry "SWE"]
[SourceTitle "EXT 2017"]
[Source "ChessBase"]
[SourceDate "2016.10.25"]
[SourceVersion "1"]
[SourceVersionDate "2016.10.25"]
[SourceQuality "1"]
[WhiteTeam "Horndal"]
[BlackTeam "Kamraterna"]
[WhiteTeamCountry "SWE"]
[BlackTeamCountry "SWE"]

1. e4 c5 2. Nc3 Nc6 3. f4 e6 4. Nf3 d5 5. Bb5 Nf6 6. e5 Ne4 7. Nxe4 dxe4 8. Ng5 Bd7 9. Nxe4 Nxe5 10. Bxd7+ Nxd7 11. 0-0 Be7 12. d3 0-0 13. Be3 Rc8 14. Qf3 b6 15. Rad1 Qc7 16. c4 Nf6 17. Nc3 Rfd8 18. b3 Rd7 19. d4 cxd4 20. Nb5 Qc6 21. Nxd4 Qxf3 22. Nxf3 Kf8 23. Ne5 Rdd8 24. Rfe1 Ke8 25. g3 Bb4 26. Rf1 Bc3 27. Nf3 Ng4 28. Bc1 Bb4 29. Kg2 h5 30. h3 Nh6 31. Nd4 Bc5 32. Nb5 a6 33. Nc3 Nf5 34. Ne4 Bd4 35. g4 hxg4 36. hxg4 Nh6 37. Kf3 f6 38. Ba3 Nf7 39. Nd6+ Nxd6 40. Rxd4 Nxc4 41. Rxc4 Rxc4 42. bxc4 Rd3+ 43. Ke4 Rxa3 44. Rb1 b5 45. cxb5 axb5 46. Rxb5 Rxa2 47. Rb7 Kf8 48. g5 Ra4+ 49. Kf3 e5 50. fxe5 fxg5 51. e6 Rf4+ 52. Kg3 Rf5 53. Kg4 g6 54. Rf7+ Rxf7 55. exf7 Kxf7 56. Kxg5 Kg7 57. Kg4 Kf6 58. Kf4 g5+ 1/2-1/2